| 000 | 00740nam a2200229Ia 4500 | ||
|---|---|---|---|
| 001 | 9943 | ||
| 003 | GE_BSU | ||
| 008 | 181216s||||||||xx |||||||||||||| ||und|| | ||
| 040 | _cGE_BSU | ||
| 080 | _a82-93:821.353.1-32 | ||
| 100 | _aნინუა,ჯემალ | ||
| 245 | _aბანაკი თამარის ციხეზე | ||
| 245 | _bმოთხრობა | ||
| 245 | _cრედ:ნ.ჩირაძე;მხატვ:თ.მაცაბერიძე | ||
| 260 | _aთბილისი. | ||
| 260 | _bნაკადული. | ||
| 260 | _c1966 | ||
| 300 | _a84გვ;20სმ. | ||
| 653 | _aბანაკი თამარის ციხეზე | ||
| 653 | _aმოთხრობა | ||
| 942 | _cBK | ||
| 999 |
_c43218 _d43218 |
||